| 000 | 00698cam a22002173u 4500 | ||
|---|---|---|---|
| 001 | 011690687 | ||
| 005 | 20131030112441.0 | ||
| 008 | 940510s1994 enkac | 001 | eng | ||
| 020 | _a0030760127 | ||
| 082 | 0 | 0 |
_a629.8 _220 _bSAN |
| 100 | 1 |
_aSantina, Mohammed S. _934303 |
|
| 245 | 0 | 0 |
_aDigital control system design / _cMohammed S. Santina, Allen R. Stubberud, Gene H. Hostetter. |
| 250 | _a2nd ed. | ||
| 260 |
_aFort Worth ; _aLondon : _bSaunders College, _cc1994. |
||
| 300 |
_axvii,797p. ; _b24 cm. |
||
| 650 | 0 |
_aDigital control systems. _919120 |
|
| 653 |
_bEle _cOctober2013 |
||
| 700 | 1 |
_aStubberud, Allen R. _919129 |
|
| 700 | 1 |
_aHostetter, Gene H. _934304 |
|
| 942 |
_2ddc _cBB _k629.8 SAN |
||
| 999 |
_c17712 _d17684 |
||